000 00458nam a22001697a 4500
005 20241223101506.0
008 241223b ||||| |||| 00| 0 eng d
040 _cAL
041 _aEnglish
082 _223
_a348.04
_bEASS
100 _aEastern Book Company
_9191857
245 _aSupreme Court Cases2004: Vol 8
260 _aLucknow
_bEastern Book Comapny
650 _aLaw
_9191858
650 _aMode of Citation(2004) 8 SCC
_9191859
942 _2ddc
_cBI
999 _c233400
_d233400